Banking and financial institutions law in a nutshell / (Record no. 6131)
[ view plain ]
| 000 -LEADER | |
|---|---|
| fixed length control field | 01605cam a2200373 i 4500 |
| 001 - CONTROL NUMBER | |
| control field | 24253429 |
| 003 - CONTROL NUMBER IDENTIFIER | |
| control field | OSt |
| 005 - DATE AND TIME OF LATEST TRANSACTION | |
| control field | 20260228152833.0 |
| 008 - FIXED-LENGTH DATA ELEMENTS--GENERAL INFORMATION | |
| fixed length control field | 250618s2024 mnua b 001 0 eng |
| 010 ## - LIBRARY OF CONGRESS CONTROL NUMBER | |
| LC control number | 2025413314 |
| 020 ## - INTERNATIONAL STANDARD BOOK NUMBER | |
| International Standard Book Number | 9781685612351 |
| Qualifying information | (paperback) |
| 035 ## - SYSTEM CONTROL NUMBER | |
| System control number | 24253429 |
| 040 ## - CATALOGING SOURCE | |
| Original cataloging agency | KABLIB |
| Language of cataloging | eng |
| Description conventions | rda |
| Transcribing agency | KABLIB |
| 042 ## - AUTHENTICATION CODE | |
| Authentication code | pcc |
| 043 ## - GEOGRAPHIC AREA CODE | |
| Geographic area code | n-us--- |
| 050 00 - LIBRARY OF CONGRESS CALL NUMBER | |
| Classification number | KF975 |
| Item number | .L68 2024 |
| 082 ## - DEWEY DECIMAL CLASSIFICATION NUMBER | |
| Edition number | 23 |
| Classification number | 346.73 |
| Item number | MAL |
| 100 1# - MAIN ENTRY--PERSONAL NAME | |
| Personal name | Malloy, Michael P., |
| Dates associated with a name | 1951- |
| Relator term | author. |
| 9 (RLIN) | 15581 |
| 245 10 - TITLE STATEMENT | |
| Title | Banking and financial institutions law in a nutshell / |
| Statement of responsibility, etc. | Michael P. Malloy, Distinguished Professor, University of the Pacific, McGeorge School of Law, Sacramento, California. |
| 246 18 - VARYING FORM OF TITLE | |
| Title proper/short title | Banking and financial institutions law |
| 250 ## - EDITION STATEMENT | |
| Edition statement | 10th ed. |
| 264 #1 - PRODUCTION, PUBLICATION, DISTRIBUTION, MANUFACTURE, AND COPYRIGHT NOTICE | |
| Place of production, publication, distribution, manufacture | Eagan, MN : |
| Name of producer, publisher, distributor, manufacturer | West Academic, |
| Date of production, publication, distribution, manufacture, or copyright notice | [2024] |
| 300 ## - PHYSICAL DESCRIPTION | |
| Extent | xvii, 463 p. : |
| Other physical details | illustrations ; |
| Dimensions | 19 cm. |
| 336 ## - CONTENT TYPE | |
| Content type term | text |
| Content type code | txt |
| Source | rdacontent |
| 337 ## - MEDIA TYPE | |
| Media type term | unmediated |
| Media type code | n |
| Source | rdamedia |
| 338 ## - CARRIER TYPE | |
| Carrier type term | volume |
| Carrier type code | nc |
| Source | rdacarrier |
| 490 0# - SERIES STATEMENT | |
| Series statement | Nutshell series |
| 505 0# - FORMATTED CONTENTS NOTE | |
| Formatted contents note | Evolution of banking and financial institutions law -- Money and banking -- Banking market regulation -- Thrift institutions -- Securities market regulation -- Insurance regulation -- Pension funds, retirement accounts and Social Security -- Controversies and prospects. |
| 650 #0 - SUBJECT ADDED ENTRY--TOPICAL TERM | |
| Topical term or geographic name entry element | Banking law |
| Geographic subdivision | United States. |
| 9 (RLIN) | 15582 |
| 650 #0 - SUBJECT ADDED ENTRY--TOPICAL TERM | |
| Topical term or geographic name entry element | Financial institutions |
| General subdivision | Law and legislation |
| Geographic subdivision | United States. |
| 9 (RLIN) | 15583 |
| 906 ## - LOCAL DATA ELEMENT F, LDF (RLIN) | |
| a | 7 |
| b | cbc |
| c | origcop |
| d | 2 |
| e | ncip |
| f | 20 |
| g | y-gencatlg |
| 942 ## - ADDED ENTRY ELEMENTS (KOHA) | |
| Source of classification or shelving scheme | Dewey Decimal Classification |
| Koha item type | Book |
| Withdrawn status | Lost status | Source of classification or shelving scheme | Damaged status | Not for loan | Home library | Current library | Date acquired | Total Checkouts | Full call number | Barcode | Date last seen | Price effective from | Koha item type |
|---|---|---|---|---|---|---|---|---|---|---|---|---|---|
| Dewey Decimal Classification | Law section | Law section | 28.02.2026 | 346.73 MAL | 14647 | 28.02.2026 | 28.02.2026 | Book | |||||
| Dewey Decimal Classification | Law section | Law section | 28.02.2026 | 346.73 MAL | 14648 | 28.02.2026 | 28.02.2026 | Book |